000 01756cam a22004574i 4500
003 PE-LiUPU
005 20250731172957.0
008 150623s r 000 0 d
020 _a0802845983
035 _a(Sirsi) i9780802845986
040 _aPE-LiUPU
_bspa
_cPE-LiUPU
_erda
049 _aPRUA
082 0 4 _a232
_bT81
_221
245 0 4 _aThe truth about Jesus /
_ceditado por Donald Armstrong.
264 1 _aMichigan :
_bWilliam B. Eerdamans Publishing Co.,
_c1998.
300 _a160 páginas ;
_c22.5 centímetros
336 _atext
_2rdacontent
337 _aunmediated
_2rdamedia
338 _avolume
_2rdacarrier
505 0 _aJesus and the quest. -Jesus: the only way? anglicanism and religious pluralism. -Jesus and his atoning work. -Jesus and culture. -Jesus and his church. -Jesus and the eucharist. -Galilee moments: witnesses to Jesus' resurrection, the disciples, and the revival of vocations and ministries. -Jesus and human experience.
526 _aSEG42
526 _aSEG41
526 _aSEG40
526 _aSEG39
526 _aP94
526 _aP87
526 _aP86
526 _aP85
526 _aP77
526 _aP76
526 _aP35
600 1 _aJesucristo
_xPersona y oficio
_vCongresos
610 2 _aComunión Anglicana
_xDoctrinas
_vCongresos.
700 1 _aArmstrong, Donald,
_eed.
942 _2ddc
_cBOOK
949 _a232 T81
_wDEWEY
_c1
_i45375
_lCCODEBUL1
_mBUL
_r0
_sY
_tBOOK
_u2015-6-24
_xTEOLOGIA
_PP35
_0COMPRA
_o.STAFF. Colección General
994 _aC0
_bPEPRU
596 _a1
999 _a232 T81
_wDEWEY
_c22240
_i45375
_d22240
_f2021-11-11
_g5
_lCCODEBUL1
_mBUL
_q1
_r0
_sY
_tBOOK
_u2015-6-24
_xTEOLOGIA
_PP35
_0COMPRA
_o.STAFF. Colección General
980 _81
_gALBERTO SANCHEZ Responsable de Automatización